[Event "XXI Weekend A"]
[Site "Ceriano Laghetto ITA"]
[Date "2012.03.??"]
[Round "1"]
[White "Bemporad, Filippo"]
[Black "Gagliardi, Christian"]
[WhiteElo "2075"]
[BlackElo "2233"]
[Result "0-1"]
[PlyCount "165"]
[EventDate "2012.03.23"]

1. d4 Nf6 2. Nf3 e6 3. g3 d5 4. Bg2 Be7 5. c4 O-O 6. O-O dxc4 7. Qa4 a6 8. Qxc4
b5 9. Qc2 Bb7 10. a3 Nbd7 11. b4 Be4 12. Qc3 Qc8 13. Bb2 Qb7 14. Nbd2 Bd5 15.
Rac1 Rac8 16. Nb3 Rfe8 17. Na5 Qa8 18. Rfe1 Nb6 19. Ba1 h6 20. Red1 Ne4 21. Qc2
Nd6 22. Re1 f5 23. Bf1 Nbc4 24. Nxc4 Nxc4 25. Qc3 a5 26. Ne5 axb4 27. axb4 Nxe5
28. dxe5 Qa4 29. Rb1 c5 30. bxc5 Bxc5 31. Qd3 b4 32. Bg2 Bxg2 33. Kxg2 Be7 34.
Bd4 Qc6+ 35. Kg1 Red8 36. e3 Qd5 37. Qe2 Ra8 38. Rb2 Ra4 39. Reb1 Rda8 40. Qc2
Ra2 41. h4 Rxb2 42. Qxb2 g5 43. hxg5 hxg5 44. Qb3 Qc6 45. Qd3 Kf7 46. Ra1 Rxa1+
47. Bxa1 Qc1+ 48. Qf1 Qc2 49. Bd4 Qc6 50. Qb1 Qc4 51. g4 fxg4 52. Qh7+ Ke8 53.
Qh5+ Kd7 54. Qxg4 Qc1+ 55. Kg2 b3 56. Qe2 Qc6+ 57. Kg3 Qd5 58. Qa6 Ke8 59. Qc8+
Kf7 60. Qa6 Qe4 61. Qa7 Qh4+ 62. Kg2 Qg4+ 63. Kh2 Qh4+ 64. Kg2 Qe4+ 65. Kg3 Qc2
66. Qb7 Qc4 67. Qf3+ Kg7 68. Qb7 Qb4 69. Qa7 Kf7 70. Qa1 Bc5 71. Bc3 Qh4+ 72.
Kg2 Qe4+ 73. Kf1 Qc4+ 74. Kg2 Kg6 75. Kg3 Kf5 76. Kg2 Ke4 77. Bb2 Kd3 78. Qe1
Qg4+ 79. Kh2 Bb4 80. Qb1+ Ke2 81. Bd4 Qh4+ 82. Kg2 Qxf2+ 83. Kh3 0-1

[Event "XXI Weekend A"]
[Site "Ceriano Laghetto ITA"]
[Date "2012.03.??"]
[Round "1"]
[White "Boschetti, Claudio"]
[Black "Astengo, Marcello"]
[WhiteElo "2153"]
[BlackElo "2021"]
[Result "1-0"]
[PlyCount "39"]
[EventDate "2012.03.23"]

1. e4 e6 2. Nf3 d5 3. Nc3 Nf6 4. e5 Ng8 5. d4 c5 6. dxc5 Bxc5 7. Bd3 Nc6 8. O-O
a6 9. a3 Nge7 10. Bf4 b5 11. Bg3 Bb7 12. Re1 b4 13. Na4 Ba7 14. Ng5 Nf5 15. Bf4
g6 16. axb4 Nxb4 17. Bxf5 gxf5 18. Nxf7 Kxf7 19. Qh5+ Kg8 20. Ra3 1-0

[Event "XXI Weekend A"]
[Site "Ceriano Laghetto ITA"]
[Date "2012.03.??"]
[Round "1"]
[White "Cocconcelli, Lorenzo"]
[Black "Medici, Simone"]
[WhiteElo "1964"]
[BlackElo "2131"]
[Result "1/2-1/2"]
[PlyCount "125"]
[EventDate "2012.03.23"]

1. d4 d5 2. c4 c6 3. Nc3 Nf6 4. Nf3 g6 5. cxd5 cxd5 6. Bf4 a6 7. e3 Bg7 8. Bd3
O-O 9. h3 Nc6 10. O-O b5 11. Rc1 Bb7 12. Ne5 Na5 13. b3 Rc8 14. Qd2 Nc6 15. Ne2
Nd7 16. Nxc6 Rxc6 17. Rxc6 Bxc6 18. Rc1 Qb6 19. Qb4 Re8 20. a4 Bf8 21. Qc3 Rc8
22. a5 Qd8 23. b4 Qe8 24. Bg3 Bb7 25. Qb2 f6 26. f4 e6 27. Rxc8 Qxc8 28. Be1
Bd6 29. Bb1 Qc4 30. Kf2 Nb8 31. Ba2 Qc8 32. Nc1 Nc6 33. Nd3 Qf8 34. Bd2 Bc8 35.
Nc5 Ne7 36. Bc3 Qg7 37. Qd2 g5 38. g4 f5 39. Qe2 gxf4 40. exf4 Qh6 41. Qf3 Bxf4
42. Nd3 Bd2 43. Bxd2 Qxd2+ 44. Qe2 Qc3 45. Qe3 Qc2+ 46. Kf3 fxg4+ 47. hxg4 Qxa2
48. Qg5+ Kf7 49. Qf5+ Ke8 50. Ne5 Qa3+ 51. Kg2 Qb2+ 52. Kh3 Qc3+ 53. Kg2 Qd2+
54. Kh3 Qe3+ 55. Kg2 Qd2+ 56. Kh3 Qc3+ 57. Kg2 Ng6 58. Qf7+ Kd8 59. Qg8+ Kc7
60. Qxh7+ Kd6 61. Nf7+ Ke7 62. Ne5+ Kd6 63. Nf7+ 1/2-1/2

[Event "XXI Weekend A"]
[Site "Ceriano Laghetto ITA"]
[Date "2012.03.??"]
[Round "1"]
[White "Faraoni, Enrico"]
[Black "Villa, Giorgio"]
[WhiteElo "2118"]
[BlackElo "1954"]
[Result "1-0"]
[PlyCount "58"]
[EventDate "2012.03.23"]

1. e4 d5 2. exd5 Qxd5 3. Nc3 Qd6 4. d4 Nf6 5. Nge2 c6 6. Bf4 Qd8 7. Qd2 g6 8.
f3 Bg7 9. O-O-O Be6 10. Bh6 Bxh6 11. Qxh6 Qa5 12. Kb1 Nbd7 13. Nf4 Bd5 14. Be2
O-O-O 15. Ncxd5 cxd5 16. Rd3 Kb8 17. Rhd1 Rc8 18. Rb3 e6 19. Nd3 Qc7 20. Rc1
Rhe8 21. Nb4 Ka8 22. Rc3 Qd8 23. Rxc8+ Qxc8 24. c4 dxc4 25. Rxc4 Qd8 26. Qe3
Nd5 27. Rc1 N7b6 28. g4 Qd7 29. b3 Rc8 1-0

[Event "XXI Weekend A"]
[Site "Ceriano Laghetto ITA"]
[Date "2012.03.??"]
[Round "1"]
[White "Gonella, Daniele"]
[Black "Collutiis, Duilio"]
[WhiteElo "2112"]
[BlackElo "2493"]
[Result "0-1"]
[PlyCount "60"]
[EventDate "2012.03.23"]

1. e4 c5 2. Nf3 Nc6 3. c3 d5 4. exd5 Qxd5 5. d4 Nf6 6. Na3 Bg4 7. Be2 cxd4 8.
Nb5 O-O-O 9. Nbxd4 e5 10. Nxc6 Qxc6 11. Qb3 Qc7 12. Be3 Kb8 13. Ng5 Bxe2 14.
Kxe2 Bc5 15. Nxf7 Bxe3 16. fxe3 Qc6 17. Rhg1 Qe4 18. Nxd8 Rxd8 19. Rad1 Nd5 20.
Rxd5 Rxd5 21. c4 Rd8 22. Qc3 Qg4+ 23. Kf2 Qf5+ 24. Ke2 Qh5+ 25. Kf2 Rf8+ 26.
Kg3 Qg5+ 27. Kh3 h5 28. g3 Rf2 29. g4 hxg4+ 30. Rxg4 Qh5+ 0-1

[Event "XXI Weekend A"]
[Site "Ceriano Laghetto ITA"]
[Date "2012.03.??"]
[Round "1"]
[White "Mrdja, Milan"]
[Black "Cirabisi, Federico"]
[WhiteElo "2369"]
[BlackElo "2102"]
[Result "1-0"]
[PlyCount "98"]
[EventDate "2012.03.23"]

1. e4 Nf6 2. e5 Nd5 3. d4 d6 4. Nf3 Bg4 5. Be2 c6 6. Ng5 Bxe2 7. Qxe2 dxe5 8.
dxe5 e6 9. O-O Nd7 10. c4 Ne7 11. Nc3 Qc7 12. f4 Nf5 13. g4 Nd4 14. Qf2 h5 15.
Be3 c5 16. gxh5 Nf5 17. Qe2 Be7 18. Nge4 a6 19. Bf2 O-O-O 20. Rad1 g6 21. Ng3
Rdg8 22. Rfe1 gxh5 23. Kf1 Nh6 24. Nce4 h4 25. Nh1 Ng4 26. Bg1 Nh6 27. Nhf2 Rg6
28. Nh3 Rhg8 29. Rd3 Nf5 30. Red1 Nb8 31. Qf3 Nc6 32. Nd6+ Bxd6 33. exd6 Qa5
34. d7+ Kd8 35. Ng5 R6g7 36. Qh5 Qc7 37. Qf3 Ncd4 38. Bxd4 Nxd4 39. Rxd4 cxd4
40. Rxd4 e5 41. fxe5 Qb6 42. Nxf7+ Ke7 43. Qf6+ Qxf6+ 44. exf6+ Kxf7 45. fxg7
Rd8 46. Rxh4 Rxd7 47. Rg4 Kg8 48. Ke2 Rd6 49. h4 Rg6 1-0

[Event "XXI Weekend A"]
[Site "Ceriano Laghetto ITA"]
[Date "2012.03.??"]
[Round "1"]
[White "Radice, Luca"]
[Black "Lapiccirella, Mattia"]
[WhiteElo "2042"]
[BlackElo "2208"]
[Result "1/2-1/2"]
[PlyCount "68"]
[EventDate "2012.03.23"]

1. d4 Nf6 2. c4 c5 3. d5 g6 4. Nc3 d6 5. e4 Bg7 6. f4 O-O 7. Nf3 e6 8. Be2 exd5
9. exd5 Re8 10. O-O Bg4 11. h3 Bxf3 12. Bxf3 Nbd7 13. Bd2 a6 14. a4 b6 15. Qc2
h6 16. Rae1 Qc7 17. Rxe8+ Rxe8 18. Re1 Qd8 19. Qd1 Rxe1+ 20. Qxe1 Ne8 21. b3
Nc7 22. Ne4 Bd4+ 23. Kh1 Qe7 24. g4 Ne8 25. Kg2 Ng7 26. Ng3 Qd8 27. Be4 Nf6 28.
Bd3 Nd7 29. Ne4 Nf6 30. Ng3 Nd7 31. Ne4 Qe7 32. Ng3 Qf8 33. Qe4 Qe8 34. Qe1 Qf8
1/2-1/2

[Event "XXI Weekend A"]
[Site "Ceriano Laghetto ITA"]
[Date "2012.03.??"]
[Round "1"]
[White "Stefanetti, Marco"]
[Black "Vuelban, Virgilio"]
[WhiteElo "2097"]
[BlackElo "2329"]
[Result "1/2-1/2"]
[PlyCount "133"]
[EventDate "2012.03.23"]

1. e4 c5 2. Nc3 e6 3. Nge2 a6 4. g3 b5 5. Bg2 Bb7 6. O-O Nf6 7. d3 d5 8. Bg5 b4
9. Na4 dxe4 10. dxe4 Nbd7 11. Bxf6 Nxf6 12. Qd3 Qc7 13. Rad1 Bc6 14. b3 Qb7 15.
Qe3 Nxe4 16. Bxe4 Bxe4 17. Nxc5 Bxc5 18. Qxc5 Rc8 19. Qd6 Bf3 20. Rfe1 Qe7 21.
Rd2 Qxd6 22. Rxd6 Ke7 23. Rd3 Bxe2 24. Rxe2 Rhd8 25. Rxd8 Kxd8 26. Rd2+ Ke7 27.
Kf1 Rc5 28. Ke2 Ra5 29. c4 bxc3 30. Rc2 g5 31. a4 g4 32. Rxc3 Rh5 33. b4 Rxh2
34. Rc7+ Kf6 35. Rc6 h5 36. b5 axb5 37. axb5 h4 38. Rc3 hxg3 39. Rxg3 Kf5 40.
b6 Rh8 41. b7 Kf4 42. Rb3 Rb8 43. Rb4+ Ke5 44. Ke3 f5 45. Rb6 f4+ 46. Kd3 Kf5
47. Ke2 e5 48. Rb5 Ke4 49. Rb4+ Kd5 50. Rb5+ Kd4 51. Kd2 Ke4 52. Ke2 f3+ 53.
Kd2 Kd4 54. Rb4+ Kc5 55. Rxg4 Rxb7 56. Ke3 Rb3+ 57. Ke4 Ra3 58. Rg3 Kd6 59.
Rxf3 Ra4+ 60. Kf5 Kd5 61. Kg5 Ra8 62. Rb3 Rf8 63. f3 Rf4 64. Ra3 Rc4 65. Rd3+
Rd4 66. Ra3 Rb4 67. Rd3+ 1/2-1/2

[Event "XXI Weekend A"]
[Site "Ceriano Laghetto ITA"]
[Date "2012.03.??"]
[Round "1"]
[White "Stips, Felix"]
[Black "Moroni, Luca jr"]
[WhiteElo "2212"]
[BlackElo "2064"]
[Result "1-0"]
[PlyCount "47"]
[EventDate "2012.03.23"]

1. d4 d5 2. Nf3 Nf6 3. c4 e6 4. Nc3 c6 5. e3 Nbd7 6. Bd3 a6 7. O-O dxc4 8. Bxc4
b5 9. Bd3 c5 10. a4 b4 11. Ne4 Bb7 12. Ned2 cxd4 13. exd4 Bd6 14. Nc4 Qc7 15.
h3 O-O 16. Re1 Bf4 17. Nfe5 Bxc1 18. Rxc1 Nxe5 19. dxe5 Qc6 20. Ne3 Qd7 21.
exf6 Rfd8 22. Bxh7+ Kxh7 23. Qh5+ Kg8 24. Qg5 1-0

[Event "XXI Weekend A"]
[Site "Ceriano Laghetto ITA"]
[Date "2012.03.??"]
[Round "2"]
[White "Astengo, Marcello"]
[Black "Bemporad, Filippo"]
[WhiteElo "2021"]
[BlackElo "2075"]
[Result "0-1"]
[PlyCount "47"]
[EventDate "2012.03.23"]

1. d4 Nf6 2. c4 e6 3. Nc3 Bb4 4. e3 O-O 5. Nge2 d5 6. a3 Be7 7. Ng3 b6 8. cxd5
exd5 9. Bd3 c5 10. dxc5 bxc5 11. O-O Nc6 12. e4 d4 13. Nd5 Nxd5 14. exd5 Ne5
15. Be4 Bd6 16. b4 Qh4 17. f3 f5 18. Bc2 c4 19. Ba4 Ba6 20. Re1 c3 21. Bc6 Nxc6
22. dxc6 Bc4 23. Rb1 d3 24. b5 0-1

[Event "XXI Weekend A"]
[Site "Ceriano Laghetto ITA"]
[Date "2012.03.??"]
[Round "2"]
[White "Collutiis, Duilio"]
[Black "Stips, Felix"]
[WhiteElo "2493"]
[BlackElo "2212"]
[Result "1-0"]
[PlyCount "72"]
[EventDate "2012.03.23"]

1. Nf3 d5 2. c4 c6 3. g3 Nf6 4. Bg2 Bf5 5. cxd5 cxd5 6. Qb3 Qb6 7. Qxb6 axb6 8.
Nc3 Nc6 9. d3 h6 10. Be3 Ra6 11. Nd4 Nxd4 12. Bxd4 e6 13. e4 Bg6 14. exd5 Bc5
15. Bxf6 gxf6 16. dxe6 Bxd3 17. Bxb7 Ra7 18. Bc6+ Ke7 19. O-O-O Bf5 20. exf7
Kxf7 21. Bd5+ Kg7 22. g4 Bg6 23. Rd2 Rc8 24. Rhd1 b5 25. Be6 Rc6 26. Rd7+ Kf8
27. Rxa7 Bxa7 28. Bd7 Rc7 29. Bxb5 Bxf2 30. Rd8+ Ke7 31. Rh8 Rc5 32. Kd2 Bh4
33. Bd3 Bg5+ 34. Kc2 Bf7 35. h3 Bf4 36. Re8+ Bxe8 1-0

[Event "XXI Weekend A"]
[Site "Ceriano Laghetto ITA"]
[Date "2012.03.??"]
[Round "2"]
[White "Faraoni, Enrico"]
[Black "Boschetti, Claudio"]
[WhiteElo "2118"]
[BlackElo "2153"]
[Result "1-0"]
[PlyCount "63"]
[EventDate "2012.03.23"]

1. e4 e6 2. d4 d5 3. Nc3 Bb4 4. e5 Qd7 5. a3 Bxc3+ 6. bxc3 b6 7. Qg4 f5 8. Qg3
Ba6 9. Bxa6 Nxa6 10. Ne2 Qf7 11. c4 c6 12. a4 Ne7 13. Ba3 O-O 14. Qd3 Nc7 15.
Bd6 dxc4 16. Qxc4 Ncd5 17. Qb3 Rac8 18. c4 Nc7 19. f4 Rfd8 20. O-O Ne8 21. Qa3
Rd7 22. Rfb1 Rcd8 23. a5 Nc8 24. axb6 axb6 25. c5 b5 26. Qf3 Na7 27. Ra6 Rb7
28. Qa3 Rdd7 29. d5 exd5 30. Nd4 Nc7 31. Rxa7 Ne6 32. Rxb7 1-0

[Event "XXI Weekend A"]
[Site "Ceriano Laghetto ITA"]
[Date "2012.03.??"]
[Round "2"]
[White "Gagliardi, Christian"]
[Black "Mrdja, Milan"]
[WhiteElo "2233"]
[BlackElo "2369"]
[Result "1/2-1/2"]
[PlyCount "171"]
[EventDate "2012.03.23"]

1. d4 Nf6 2. Nf3 e6 3. Bf4 b6 4. e3 Bb7 5. Nbd2 Be7 6. h3 O-O 7. Bd3 c5 8. c3
cxd4 9. exd4 d6 10. Qe2 a6 11. O-O Nbd7 12. a4 Qc7 13. Rfe1 Rfe8 14. Rac1 Bf8
15. Bh2 Qc6 16. Bc2 Rac8 17. Qf1 g6 18. Bd3 Ra8 19. Bc2 Qc7 20. Bd3 Qc8 21. Ra1
Bc6 22. Ng5 Bb7 23. Nge4 Qc7 24. Nxf6+ Nxf6 25. Nc4 Nd5 26. Ne3 Nxe3 27. Rxe3
Qd7 28. Ree1 Bc6 29. Bxa6 Bxa4 30. Bd3 Bc6 31. Bf4 Reb8 32. Qe2 Qb7 33. f3 b5
34. Qf2 b4 35. c4 b3 36. Bd2 Be7 37. Bc3 d5 38. c5 Bb5 39. Qf1 Bxd3 40. Qxd3
Qc6 41. Rad1 Bd8 42. g4 Bc7 43. Kg2 Ra2 44. Qe3 Re8 45. Re2 f6 46. Be1 Qa4 47.
Qd3 Kf7 48. Bc3 Qc4 49. Qxc4 dxc4 50. Kf2 Rd8 51. h4 Ba5 52. Bxa5 Rxa5 53. Red2
e5 54. Ke3 exd4+ 55. Rxd4 Re8+ 56. Kd2 Rxc5 57. Rc1 Rce5 58. Rcxc4 Re2+ 59. Kc3
R8e3+ 60. Rd3 Rxd3+ 61. Kxd3 Rxb2 62. Rc7+ Kg8 63. Rb7 Rb1 64. Ke4 b2 65. Kf4
Kf8 66. g5 Rh1 67. Rxb2 Rxh4+ 68. Kg3 fxg5 69. Rb7 Kg8 70. Rb5 Rh5 71. Rb7 Rh1
72. Rb5 Kg7 73. Kg2 Rh5 74. Kg3 Kh6 75. Rb7 Rh1 76. Kg2 Rd1 77. Kg3 Rd4 78. Rc7
Rf4 79. Rb7 Rf8 80. Rc7 Rg8 81. Kg4 Ra8 82. Kg3 Ra4 83. Rb7 g4 84. fxg4 Ra3+
85. Kf4 g5+ 86. Ke4 1/2-1/2

[Event "XXI Weekend A"]
[Site "Ceriano Laghetto ITA"]
[Date "2012.03.??"]
[Round "2"]
[White "Lapiccirella, Mattia"]
[Black "Stefanetti, Marco"]
[WhiteElo "2208"]
[BlackElo "2097"]
[Result "1/2-1/2"]
[PlyCount "95"]
[EventDate "2012.03.23"]

1. d4 d5 2. c4 c6 3. Nf3 Nf6 4. e3 Bf5 5. Nc3 e6 6. Nh4 Bg6 7. Qb3 Qb6 8. c5
Qc7 9. Bd2 Nbd7 10. h3 Be7 11. Nxg6 hxg6 12. Be2 e5 13. O-O-O b6 14. cxb6 axb6
15. g4 c5 16. Nxd5 Nxd5 17. Qxd5 cxd4+ 18. Kb1 O-O 19. exd4 exd4 20. Rc1 Qa7
21. Bc4 b5 22. Bxb5 Nf6 23. Qb3 Rfb8 24. a4 Ne4 25. Bf4 Bd6 26. Qf3 Bxf4 27.
Qxe4 Bxc1 28. Kxc1 Rxb5 29. axb5 d3 30. Qxd3 Qa1+ 31. Qb1 Rc8+ 32. Kd2 Qa5+ 33.
Ke3 Re8+ 34. Kf3 Qa8+ 35. Kg3 Qb8+ 36. Kg2 Qxb5 37. Rc1 Rb8 38. Rc3 Kh7 39. b3
Qd5+ 40. Kg1 Rb4 41. Rd3 Qe4 42. Qd1 f6 43. Re3 Qb7 44. Qf3 Qd7 45. Rd3 Qe6 46.
Re3 Qd7 47. Qa8 Rxb3 48. Rxb3 1/2-1/2

[Event "XXI Weekend A"]
[Site "Ceriano Laghetto ITA"]
[Date "2012.03.??"]
[Round "2"]
[White "Medici, Simone"]
[Black "Lapiccirella, Daniele"]
[WhiteElo "2131"]
[BlackElo "2238"]
[Result "0-1"]
[PlyCount "100"]
[EventDate "2012.03.23"]

1. d4 d5 2. c4 c6 3. e3 Nf6 4. Nf3 e6 5. b3 Nbd7 6. Bd3 Bd6 7. Bb2 b6 8. O-O
O-O 9. Nbd2 Bb7 10. Qc2 h6 11. Rfe1 c5 12. Rad1 Qc7 13. h3 Rac8 14. e4 cxd4 15.
Nxd4 dxc4 16. Nxc4 Qb8 17. Bc3 Be5 18. Qb2 Bh2+ 19. Kh1 Ne5 20. Nb5 Nxd3 21.
Rxd3 Nxe4 22. Bxg7 Nxf2+ 23. Qxf2 Kxg7 24. Nxa7 Rc5 25. Nxb6 Rg5 26. Qb2+ Be5
27. Rxe5 Qxe5 28. Qxe5+ Rxe5 29. Nd7 Re1+ 30. Kh2 Ra8 31. Rg3+ Kh8 32. Nb5 Rg8
33. Nd6 Rxg3 34. Kxg3 Bd5 35. Nxf7+ Kg7 36. Nfe5 Re2 37. Nf3 Rxa2 38. Nc5 Rb2
39. h4 Kg6 40. Nd3 Rxb3 41. Kf4 Bxf3 42. Ne5+ Kh5 43. Nxf3 Rxf3+ 44. Kxf3 Kxh4
45. Kf4 h5 46. Kf3 e5 47. Kf2 Kg4 48. Kf1 Kg3 49. Kg1 e4 50. Kf1 e3 0-1

[Event "XXI Weekend A"]
[Site "Ceriano Laghetto ITA"]
[Date "2012.03.??"]
[Round "2"]
[White "Moroni, Luca jr"]
[Black "Cirabisi, Federico"]
[WhiteElo "2064"]
[BlackElo "2102"]
[Result "1-0"]
[PlyCount "71"]
[EventDate "2012.03.23"]

1. e4 d5 2. exd5 Nf6 3. d4 Nxd5 4. c4 Nf6 5. Nc3 e5 6. dxe5 Qxd1+ 7. Kxd1 Ng4
8. Ke1 Bc5 9. Nh3 Be6 10. Ne4 Bb4+ 11. Bd2 Nc6 12. Nf4 O-O-O 13. Nxe6 Bxd2+ 14.
Nxd2 fxe6 15. Be2 Ngxe5 16. Nf3 Nxf3+ 17. Bxf3 Nd4 18. Be4 h6 19. Rd1 c5 20. f3
Kc7 21. Kf2 g5 22. h4 b6 23. Ke3 Rdg8 24. g4 Rf8 25. b4 Nc6 26. bxc5 Ne5 27.
cxb6+ axb6 28. Rc1 Nd7 29. Rh2 Nc5 30. Rch1 Nxe4 31. fxe4 Ra8 32. hxg5 e5 33.
Rxh6 Ra3+ 34. Kd2 Rd8+ 35. Kc2 Rg3 36. Re6 1-0

[Event "XXI Weekend A"]
[Site "Ceriano Laghetto ITA"]
[Date "2012.03.??"]
[Round "2"]
[White "Vuelban, Virgilio"]
[Black "Radice, Luca"]
[WhiteElo "2329"]
[BlackElo "2042"]
[Result "1-0"]
[PlyCount "77"]
[EventDate "2012.03.23"]

1. e4 e5 2. Bc4 Nf6 3. Qe2 Be7 4. Nf3 d6 5. h3 c6 6. Bb3 Nbd7 7. c3 a5 8. d3
Nc5 9. Bc2 b6 10. Nbd2 Ba6 11. Nc4 O-O 12. O-O Ncxe4 13. dxe4 d5 14. Nfxe5 Qc7
15. Rd1 Rfe8 16. Qf3 dxc4 17. Bf4 Bd6 18. Rxd6 Qxd6 19. Nxf7 Qc5 20. Nd6 Re6
21. e5 Nd5 22. Be3 Nxe3 23. Qf7+ Kh8 24. Qxe6 Qd5 25. Qxd5 Nxd5 26. Re1 g6 27.
Be4 Ne7 28. f4 Rf8 29. Rf1 b5 30. g4 b4 31. f5 gxf5 32. gxf5 Nc8 33. Rd1 Ne7
34. Kh2 c5 35. f6 Ng8 36. Bd5 Nxf6 37. exf6 Rxf6 38. Rg1 h5 39. Nf7+ 1-0

[Event "XXI Weekend A"]
[Site "Ceriano Laghetto ITA"]
[Date "2012.03.??"]
[Round "3"]
[White "Boschetti, Claudio"]
[Black "Moroni, Luca jr"]
[WhiteElo "2153"]
[BlackElo "2064"]
[Result "1-0"]
[PlyCount "101"]
[EventDate "2012.03.23"]

1. e4 c5 2. d4 cxd4 3. c3 dxc3 4. Nxc3 d6 5. Nf3 Nf6 6. h3 a6 7. Bc4 e6 8. Qe2
Be7 9. O-O O-O 10. Rd1 Qa5 11. Bf4 e5 12. Bg5 Nbd7 13. a3 h6 14. Nd5 Nxd5 15.
Rxd5 Qd8 16. Bxe7 Qxe7 17. Rad1 Nb6 18. Rxd6 Nxc4 19. Qxc4 Be6 20. Qc3 f6 21.
Nh4 Rfd8 22. Qb4 Rxd6 23. Rxd6 Kf7 24. Qd2 Qc7 25. Qd1 Rc8 26. Rxe6 Kxe6 27.
Qd5+ Ke7 28. Ng6+ Ke8 29. Qg8+ Kd7 30. Qxg7+ Kd6 31. Qxf6+ Kc5 32. Nxe5 Rd8 33.
g3 Qd6 34. Qf5 Qd1+ 35. Kg2 Kb6 36. Qf6+ Kc5 37. Qe7+ Qd6 38. b4+ Kd4 39. Nf3+
Kc3 40. Qxb7 Kb3 41. e5 Qd5 42. Qxa6 Rf8 43. Qe2 Kxa3 44. b5 Ka4 45. b6 Ka5 46.
Qe3 Rxf3 47. Qxf3 Qxe5 48. Qc6 h5 49. h4 Kb4 50. b7 Ka5 51. Qc4 1-0

[Event "XXI Weekend A"]
[Site "Ceriano Laghetto ITA"]
[Date "2012.03.??"]
[Round "3"]
[White "Cirabisi, Federico"]
[Black "Astengo, Marcello"]
[WhiteElo "2102"]
[BlackElo "2021"]
[Result "1/2-1/2"]
[PlyCount "21"]
[EventDate "2012.03.23"]

1. e4 e6 2. Nf3 d5 3. e5 c5 4. b4 b6 5. c3 Ne7 6. Bd3 Nd7 7. O-O Qc7 8. Re1 Nc6
9. Bb5 Bb7 10. bxc5 bxc5 11. d4 1/2-1/2

[Event "XXI Weekend A"]
[Site "Ceriano Laghetto ITA"]
[Date "2012.03.??"]
[Round "3"]
[White "Cocconcelli, Lorenzo"]
[Black "Gonella, Daniele"]
[WhiteElo "1964"]
[BlackElo "2112"]
[Result "1/2-1/2"]
[PlyCount "117"]
[EventDate "2012.03.23"]

1. d4 Nf6 2. Nf3 e6 3. c4 d5 4. Nc3 Be7 5. Bf4 a6 6. e3 O-O 7. Be2 b6 8. cxd5
exd5 9. O-O Bb7 10. Rc1 Nbd7 11. Ne5 c5 12. Bf3 cxd4 13. Qxd4 Bc5 14. Qd2 Nxe5
15. Bxe5 Ne4 16. Bxe4 dxe4 17. Qxd8 Raxd8 18. Na4 Bd6 19. Bxd6 Rxd6 20. Rfd1
Rfd8 21. Nc3 Rxd1+ 22. Rxd1 Rxd1+ 23. Nxd1 Kf8 24. Kf1 Ke7 25. Ke1 Kd6 26. Kd2
Kc5 27. Kc3 Bd5 28. b3 a5 29. a3 Bc6 30. Nb2 Bb5 31. Na4+ Bxa4 32. bxa4 h5 33.
f3 exf3 34. gxf3 Kd5 35. Kd3 g5 36. e4+ Ke5 37. Ke3 g4 38. f4+ Kd6 39. Kd4 h4
40. e5+ Ke6 41. Ke4 Kd7 42. f5 Kc6 43. Kf4 Kd5 44. e6 fxe6 45. fxe6 g3 46. hxg3
hxg3 47. e7 g2 48. e8=Q g1=Q 49. Qb5+ Kd6 50. Qd3+ Kc7 51. Qh7+ Kb8 52. Qh8+
Kb7 53. Qh7+ Kc6 54. Qe4+ Kc5 55. Qc2+ Kd6 56. Qd3+ Ke7 57. Qe3+ Qxe3+ 58. Kxe3
Ke6 59. Ke4 1/2-1/2

[Event "XXI Weekend A"]
[Site "Ceriano Laghetto ITA"]
[Date "2012.03.??"]
[Round "3"]
[White "Collutiis, Duilio"]
[Black "Faraoni, Enrico"]
[WhiteElo "2493"]
[BlackElo "2118"]
[Result "1-0"]
[PlyCount "141"]
[EventDate "2012.03.23"]

1. e4 c5 2. Nf3 Nc6 3. Bb5 g6 4. Bxc6 dxc6 5. d3 Nf6 6. h3 Bg7 7. Be3 b6 8. a4
a5 9. Na3 O-O 10. O-O Ba6 11. Nd2 Nd7 12. Qc1 f5 13. exf5 gxf5 14. f4 e5 15.
fxe5 Nxe5 16. Nf3 Ng6 17. Bh6 Ra7 18. Bxg7 Rxg7 19. Qh6 f4 20. b3 Bc8 21. Nc4
Ne7 22. Rae1 Nf5 23. Qxf4 Ng3 24. Qh6 Nxf1 25. Rxf1 Rg6 26. Qh4 Rgf6 27. Re1
Qc7 28. Nce5 Qg7 29. Qg5 Bxh3 30. gxh3 Rxf3 31. Nxf3 Rxf3 32. Qxg7+ Kxg7 33.
Kg2 Rf6 34. Re7+ Rf7 35. Re4 Kf6 36. Re8 Re7 37. Rb8 Re2+ 38. Kf3 Rxc2 39. Rxb6
Ke5 40. Ke3 Rh2 41. Rxc6 Rxh3+ 42. Kd2 Kd5 43. Rc8 h5 44. Kc3 Rh1 45. Rd8+ Kc6
46. Ra8 Kb6 47. Rb8+ Kc6 48. Rb5 h4 49. Rxa5 h3 50. Ra6+ Kd5 51. Rh6 h2 52. Kb2
Kd4 53. a5 Kxd3 54. a6 c4 55. bxc4 Rf1 56. a7 Rf8 57. Kb3 Ra8 58. Rxh2 Rxa7 59.
Rh5 Kd4 60. Rd5+ Ke4 61. Rd8 Ke5 62. Kb4 Rh7 63. Kb5 Rh6 64. c5 Rh1 65. Kb6
Rb1+ 66. Kc7 Rc1 67. c6 Ke6 68. Rd2 Rc3 69. Re2+ Kd5 70. Kd7 Rh3 71. c7 1-0

[Event "XXI Weekend A"]
[Site "Ceriano Laghetto ITA"]
[Date "2012.03.??"]
[Round "3"]
[White "Lapiccirella, Daniele"]
[Black "Gagliardi, Christian"]
[WhiteElo "2238"]
[BlackElo "2233"]
[Result "1/2-1/2"]
[PlyCount "20"]
[EventDate "2012.03.23"]

1. d4 g6 2. c4 Bg7 3. Nc3 d6 4. e4 Nf6 5. f3 O-O 6. Be3 e5 7. d5 a5 8. Qd2 Na6
9. Nge2 Nd7 10. O-O-O f5 1/2-1/2

[Event "XXI Weekend A"]
[Site "Ceriano Laghetto ITA"]
[Date "2012.03.??"]
[Round "3"]
[White "Radice, Luca"]
[Black "Medici, Simone"]
[WhiteElo "2042"]
[BlackElo "2131"]
[Result "1-0"]
[PlyCount "59"]
[EventDate "2012.03.23"]

1. d4 Nf6 2. c4 e6 3. Nf3 d5 4. Nc3 Be7 5. Bg5 Nbd7 6. e3 h6 7. Bxf6 Nxf6 8.
Qc2 O-O 9. Ne5 c6 10. g4 Bd6 11. Rg1 Bxe5 12. dxe5 Nd7 13. f4 Qh4+ 14. Rg3 f6
15. exf6 Nxf6 16. O-O-O e5 17. Qg2 d4 18. Be2 dxe3 19. f5 Qg5 20. h4 Qxh4 21.
g5 hxg5 22. Rxg5 Ne8 23. Rg1 Rxf5 24. Rxg7+ Kf8 25. Rg8+ Ke7 26. Rh1 Qf2 27.
Qg6 Be6 28. Bg4 Rf6 29. Rh7+ Rf7 30. Qxe6+ 1-0

[Event "XXI Weekend A"]
[Site "Ceriano Laghetto ITA"]
[Date "2012.03.??"]
[Round "3"]
[White "Stefanetti, Marco"]
[Black "Bemporad, Filippo"]
[WhiteElo "2097"]
[BlackElo "2075"]
[Result "0-1"]
[PlyCount "72"]
[EventDate "2012.03.23"]

1. e4 c5 2. Nc3 d6 3. f4 g6 4. Bc4 Bg7 5. Nf3 e6 6. O-O Ne7 7. d3 Nbc6 8. Qe1
Nd4 9. Nxd4 cxd4 10. Ne2 d5 11. Bb5+ Nc6 12. Bxc6+ bxc6 13. e5 c5 14. c3 O-O
15. g4 f6 16. exf6 Bxf6 17. Ng3 Qd6 18. Bd2 Bb7 19. f5 e5 20. g5 Bd8 21. f6 Bc7
22. h4 Rae8 23. Qf2 Rf7 24. Qh2 Qe6 25. h5 Qg4 26. hxg6 hxg6 27. Kg2 e4 28. Rh1
Qf3+ 29. Kg1 Qxg3+ 30. Qxg3 Bxg3 31. Kg2 e3 32. Kxg3 exd2 33. Rad1 Re5 34. Kf4
Rf5+ 35. Kg4 Bc8 36. Rhg1 R5xf6+ 0-1

[Event "XXI Weekend A"]
[Site "Ceriano Laghetto ITA"]
[Date "2012.03.??"]
[Round "3"]
[White "Stips, Felix"]
[Black "Lapiccirella, Mattia"]
[WhiteElo "2212"]
[BlackElo "2208"]
[Result "1/2-1/2"]
[PlyCount "54"]
[EventDate "2012.03.23"]

1. e4 c5 2. f4 Nc6 3. Nf3 g6 4. Bb5 Bg7 5. Nc3 Nd4 6. Bc4 d6 7. O-O e6 8. Nxd4
cxd4 9. Ne2 Ne7 10. d3 O-O 11. Bb3 Nc6 12. Qe1 b5 13. g4 Na5 14. Bd2 Nxb3 15.
axb3 f5 16. gxf5 exf5 17. Ng3 Qc7 18. Rc1 Bb7 19. Ba5 Qc6 20. c3 fxe4 21. dxe4
Rae8 22. cxd4 Bxd4+ 23. Kg2 Rxe4 24. Nxe4 Qxe4+ 25. Qxe4 Bxe4+ 26. Kg3 Bxb2 27.
Rc7 Rf7 1/2-1/2

[Event "XXI Weekend A"]
[Site "Ceriano Laghetto ITA"]
[Date "2012.03.??"]
[Round "4"]
[White "Bemporad, Filippo"]
[Black "Mrdja, Milan"]
[WhiteElo "2075"]
[BlackElo "2369"]
[Result "0-1"]
[PlyCount "104"]
[EventDate "2012.03.23"]

1. d4 g6 2. Nf3 Bg7 3. g3 Nf6 4. Bg2 O-O 5. O-O d5 6. b3 c6 7. Bb2 a5 8. c4 a4
9. Ne5 Nbd7 10. cxd5 Nxe5 11. dxe5 Nxd5 12. a3 axb3 13. Qxb3 Be6 14. Qc2 Qa5
15. Nd2 Rfd8 16. Nf3 Nb6 17. Rfd1 Qa4 18. Qc1 Nc4 19. Bc3 Bd5 20. e6 Bxe6 21.
Rxd8+ Rxd8 22. Bxg7 Kxg7 23. Ng5 Bc8 24. h4 f6 25. Ne4 Nd6 26. Nd2 Be6 27. Nf3
Bf7 28. Qe3 Re8 29. Bh3 Qe4 30. Qd2 Ra8 31. Bg2 Nb5 32. Qd7 Ra7 33. a4 Nd6 34.
a5 Qe6 35. Qc7 Nb5 36. Qd8 Qd6 37. Qb6 Qc7 38. Qe3 h5 39. Ra4 Rxa5 40. Rxa5
Qxa5 41. Qxe7 Qc7 42. Qb4 Nd6 43. Qb2 c5 44. Ng5 Bg8 45. e4 Nc4 46. Qc3 b5 47.
Nh3 b4 48. Qc2 Qb6 49. Nf4 b3 50. Qb1 Ne5 51. Nd5 Bxd5 52. exd5 c4 0-1